000 006720000a22002770004500
440 _aStatistical data
_b20
650 _aIndustries
650 _aIndustrial profile
650 _aFinancial resources
650 _aProduction capacity
650 _aProducts
650 _aMarkets
650 _aIndustrial economics
650 _aEmployment
651 _aNepal
082 _a338.47
_bH47i
_cN
518 _a940106
530 _aM
110 _aHetauda Industrial District, Hetauda, Nepal
245 _aIndustrial profile fiscal year 2045-2046/1988-1989
260 _aHetauda, Nepal
260 _c1989
041 _aEng
300 _a85p.
942 _cGEN
999 _c2207
_d2207